000 00584nam a2200193Ia 4500
005 20250508164825.0
008 008 250505s9999 xx 000 0 eng d
037 _aDissertations
040 _aFEDL
_beng
_cFEDL
041 _aeng
_2eng
084 _a371.2, PAC/DI
_qFEDL
100 _aPachauri Anupam
_9775673
245 0 _aEducating the marginalised: A study of alternative schooling in Madhya Pradesh
260 _c2001
300 _aii,76p.
546 _aM. Phil. Dissertation (Delhi University)
942 _cDIS
_h371.2, PAC/DI
999 _c1391414
_d1391414